Statistics for NFL Playoff Teams 2017-2018

Click here to take the quiz!

General Stats

  • This quiz has been taken 699 times
  • The average score is 10 of 12

Answer Stats

HintAnswer% Correct
Best Team in the league arguably.Patriots
99%
St. Louis wait oops i mean Los Angeles.Rams
97%
ACLEagles
94%
Wiz KhalifaSteelers
88%
ChokedFalcons
87%
Can they finally win the big one?Vikings
87%
They made it.Chiefs
86%
Won once beforeSaints
85%
Attack onTitans
85%
Never won or been in a superbowlJaguars
83%
Really? Underdogs.Bills
79%
Never won the big one.Panthers
73%

Score Distribution

Percentile by Number Answered

Percent of People with Each Score

Your Score History

You have not taken this quiz